Geometric period Plithos burial ground at Chora of Naxos Island, Greece : anthropology report /
This report aims offers glimpses of the human condition on Naxos Island, Greece, focussing on the archaeoanthropologic study of the human skeletal remains along with associated contexts of faunal materials recovered from the Geometric (9th -7th BC) component of the burial ground site of Plithos in C...
المؤلف الرئيسي:
التنسيق: كتاب الكتروني
اللغة: English
منشور في:
Oxford :
Archaeopress Publishing Ltd,
[2016]
سلاسل:
Access archaeology.
الموضوعات:
الوصول للمادة أونلاين: Login to view Source
الوسوم: إضافة وسم
رقم الطلب: DF221.N39
| LEADER | 01897nam a2200409 i 4500 | ||
|---|---|---|---|
| 001 | EDZ0001355897 | ||
| 003 | StDuBDS | ||
| 005 | 20230412181712.0 | ||
| 006 | m|||||o||d|||||||| | ||
| 007 | cr ||||||||||| | ||
| 008 | 160225t20162016enka fob 000|0|eng|d | ||
| 020 | |a 9781784913045 (PDF ebook) : |c No price | ||
| 040 | |a StDuBDS |b eng |c StDuBDS |e rda |e pn | ||
| 050 | 4 | |a DF221.N39 | |
| 082 | 0 | 4 | |a 939.15 |2 23 |
| 100 | 1 | |a Agelarakis, Anagnostis P., |d 1956- |e author. | |
| 245 | 1 | 0 | |a Geometric period Plithos burial ground at Chora of Naxos Island, Greece : |b anthropology report / |c Anagnostis P. Agelarakis. |
| 264 | 1 | |a Oxford : |b Archaeopress Publishing Ltd, |c [2016] | |
| 264 | 4 | |c ©2016 | |
| 300 | |a 1 online resource : |b illustrations (colour). | ||
| 336 | |a text |2 rdacontent | ||
| 336 | |a still image |2 rdacontent | ||
| 337 | |a computer |2 rdamedia | ||
| 338 | |a online resource |2 rdacarrier | ||
| 490 | 1 | |a Access archaeology | |
| 504 | |a Includes bibliographical references. | ||
| 520 | 8 | |a This report aims offers glimpses of the human condition on Naxos Island, Greece, focussing on the archaeoanthropologic study of the human skeletal remains along with associated contexts of faunal materials recovered from the Geometric (9th -7th BC) component of the burial ground site of Plithos in Chora at Naxos island. | |
| 521 | |a Specialized. | ||
| 588 | |a Description based on online resource; title from home page (viewed on March 15, 2016). | ||
| 651 | 0 | |a Naxos Island (Greece) |x Antiquities. | |
| 650 | 0 | |a Excavations (Archaeology) |z Greece |z Naxos Island. | |
| 776 | 0 | 8 | |i Print version : |z 9781784913038 |
| 830 | 0 | |a Access archaeology. | |
| 856 | 4 | 0 | |3 Archaeopress |u http://library.arce.org:8087/Archaeopress/Products/9781784913038 |
| 942 | |2 lcc |c EBOOK | ||
| 952 | |0 0 |1 0 |4 0 |6 DF0221 N39 |7 1 |9 46140 |a ARCH |b ARCH |d 2023-04-12 |l 0 |o DF221.N39 |r 2023-04-12 00:00:00 |w 2023-04-12 |y EBOOK | ||
| 999 | |c 51798 |d 51798 | ||
